000 00288nam a22001337a 4500
008 171003b xxu||||| |||| 00| 0 eng d
020 _a9780176667573
041 _aeng
080 _a159.9
100 _a48
101 _aPSI
245 _aPSYCHOLOGY 2080
_cKAPLAN, R.M
942 _2udc
_cBK
999 _c31268
_d31268